Top 10 Länder mit der höchsten Diamanten-Produktion - Statistiken

Allgemein
  • Dieses Quiz wurde 628 mal gespielt
  • Das Durchschnittsergebnis liegt bei 6 aus 10
Antwortstatistiken
Karat Land % Korrekt
9,7 mil Südafrika
81%
14,1 mil Demokratische Republik Kongo
76%
1,8 mil Namibia
68%
22,9 mil Botswana
61%
8,7 mil Angola
60%
39,1 mil Russland
58%
4,2 mil Simbabwe
54%
17,6 mil Kanada
44%
0,3 mil Lesotho
33%
0,8 mil Sierra Leone
17%
Keine übereinstimmenden Quizze gefunden
Verteilung der Resultate
Anzahl Personen mit jedem Resultat
Perzentil nach korrekt beantworteten Fragen
Ihre Resultats-Entwicklung
Sie haben dieses Quiz noch nicht gespielt